000 00213nam a2200097Ia 4500
008 190216s9999||||xx |||||||||||||| ||und||
100 _aThikkodiyan
245 0 _aTheepori
260 _bM M Publication
942 _cBK
999 _c24646
_d24646